UBT Library

Mosby's workbook for long-term care assistants / (Record no. 43079)

000 -LEADER
fixed length control field 00747cam a2200241 a 4500
001 - CONTROL NUMBER
control field 12637728
005 - DATE AND TIME OF LATEST TRANSACTION
control field 20180221090118.0
008 - FIXED-LENGTH DATA ELEMENTS--GENERAL INFORMATION
fixed length control field 020107s1999 moua 000 0 eng d
010 ## - LIBRARY OF CONGRESS CONTROL NUMBER
LC control number 2002275168
020 ## - INTERNATIONAL STANDARD BOOK NUMBER
International Standard Book Number 0323007082 (pbk.)
035 ## - SYSTEM CONTROL NUMBER
System control number (OCoLC)ocm48503404
040 ## - CATALOGING SOURCE
Original cataloging agency ODV
Transcribing agency ODV
Modifying agency DLC
041 ## - LANGUAGE CODE
Language code of text/sound track or separate title eng
042 ## - AUTHENTICATION CODE
Authentication code lccopycat
080 ## - UNIVERSAL DECIMAL CLASSIFICATION NUMBER
Universal Decimal Classification number 610.7361 KEL
082 00 - DEWEY DECIMAL CLASSIFICATION NUMBER
Classification number 610.7361 KEL
Edition number 21
100 1# - Rafti
Rafti 4
101 ## - Shkurtesa
Shkurtesa SHM
245 10 - TITLE STATEMENT
Title Mosby's workbook for long-term care assistants /
Statement of responsibility, etc Relda Timmeney Kelly ; procedure checklists by Cynthia A. Steury-Lattz.
906 ## - LOCAL DATA ELEMENT F, LDF (RLIN)
a 7
b cbc
c copycat
d 2
e ncip
f 20
g y-gencatlg
942 ## - ADDED ENTRY ELEMENTS (KOHA)
Source of classification or shelving scheme
Item type Books
Holdings
Withdrawn status Lost status Source of classification or shelving scheme Damaged status Not for loan Collection code Permanent location Current location Shelving location Date acquired Total Checkouts Full call number Barcode Date last seen Price effective from Koha item type
          Koleksioni i përgjithshem UBT - Lipjan UBT - Lipjan Koleksioni i përgjithshem 02/21/2018   610.7361 KEL 002-2999701 02/21/2018 02/21/2018 Books
UBT Library © 2015-2024. All rights reserved University Education for Business and Technology